| 000 | 00831nam a22002297a 4500 | ||
|---|---|---|---|
| 999 |
_c63670 _d63670 |
||
| 005 | 20240530110653.0 | ||
| 008 | 171216s2016 ua ao g b 000 0 ara d | ||
| 017 |
_a2015/26522 _bمصر. دار الكتب |
||
| 020 | _a9789777950329 | ||
| 040 |
_aEG-CaGPL _cEG-CaGPL |
||
| 082 | 0 | 4 |
_221 _a214.94\ _bخ ت |
| 100 | 0 | _aخالد زيادة | |
| 245 | 1 | 0 |
_aتطور النظرة الاسلامية الى اوربا / _bخالد زيادة |
| 250 | _aط.1 | ||
| 260 |
_aالقاهرة : _bالدار المصرية اللبنانية ، _c2016 . |
||
| 300 |
_a221 ص. ؛ _c22 سم. |
||
| 504 | _aيشتمل على ارجاعات ببليوجرافية | ||
| 650 | 0 | 7 |
_2qrmak _aالاسلام فى اوروبا |
| 650 | 0 | 7 |
_2qrmak _aالليبرالية |
| 942 |
_2ddc _cBK |
||